01367nam0a22002291 4500001001100000005001700011035002600028100004100054101000800095102000700103105001800110200009500128210013900223215006900362225038700431300006100818300003900879700015700918801001801075801002201093852002201115rc\263103520260406094556.0 a(NLR Aleph) 006794486 a20110914d1931 u y0rusy50 ca0 arus aRU aa z |||||1 aФуговальные станкиfСоставлен инж. П. В. Новиковым aМоскваaЛенинградcОгиз - Гос. соц.-экон. изд-воd1931eМоскваg6-я тип. УПП Огиза a16 с. текста, (17-34) отд. л. черт.d26х33 см.1 aТруды и материалы Государственного научного института охраны труда НКТ, НКЗ и ВСНХ СССР. Тематические атласы предохранительных устройствfПод общ. ред. директора Ин-та проф. С. И. Каплунаv№ 14 (т. 3, вып. 4). [Вып. 2] aНа папке составитель не указан aВ картонной папке 17ca8rusaНовиковbП. В.cинженер, техника безопасностиf1888-gПавел Васильевич3RU\NLR\AUTH\770286928 0aRUbNLRgpsbo 1aRUbELAR2rusmarc aNLRj30.19/691-14